00379 2200157 4500001002100000005001500021035002000036245003800056100001700094300002600111260002800137082000800165084001400173020002200187990001200209INLIS00000000000301020250918091649 a0010-09250003571 aCinta Tanpa Batas /cNenny Makmun0 aNenny Makmun a200 hlm ;c13 x 19 cm aJakarta :bZettu,c2014 a813 a813 NEN c a978-602-7999-96-1 a0755623